Catalogue des estampilles & marques postales d'Alsace et de Lorraine, 1698 a 1870 (Record no. 1899)

000 -LEADER
fixed length control field 00727nam a22001097a 4500
008 - FIXED-LENGTH DATA ELEMENTS--GENERAL INFORMATION
fixed length control field 160416b xxu||||| |||| 00| 0 eng d
100 ## - MAIN ENTRY--AUTHOR'S NAME
Author's Name Langlois, Maurice
245 ## - TITLE STATEMENT
Title Catalogue des estampilles & marques postales d'Alsace et de Lorraine, 1698 a 1870
Remainder of title Catalogue des estampilles et marques postales d'Alsace et de Lorraine, 1698 a 1870
260 ## - PUBLICATION, DISTRIBUTION, ETC. (IMPRINT)
Place of publication, distribution, etc. Amiens, France
Name of publisher, distributor, etc. Yvert & Cie,
Date of publication, distribution, etc. 1937
650 ## - TOPICAL TERM (Tag)
Topical term or geographic name France | Alsace | Lorraine | Alsace-Lorraine | Postal Markings | 1698-1870 | 17th Century | 18th Century | 19th Century | Catalogs and Price Lists | Postal History | Post Offices | Mobile Post Offices | Railway Mail | Military Mail | Postal Routes | Fee Paid Mail | Pre-adhesive Covers | Telegraph Offices
700 ## - SECONDARY AUTHOR, EDITOR OR ILLUSTRATOR
Personal Name Gilbert, Gerard
Holdings
Withdrawn status Lost status Source of classification or shelving scheme Damaged status Koha normalized classification for sorting Not for loan Permanent Location Current Location Date acquired Total Checkouts Full call number Barcode Date last seen Price effective from
        G5831 P857 L284   Northern Philatelic Library Northern Philatelic Library 04/16/2016   G5831 P857 L284 1002204 04/16/2016 04/16/2016

Powered by Koha